| 000 | 00648nam a2200229 a 4500 | ||
|---|---|---|---|
| 005 | 20240911064753.0 | ||
| 008 | 030911s1975 es r 000 0 spa d | ||
| 020 | _a8472222616 | ||
| 035 | _aUPN01000128757 | ||
| 049 | _aCG | ||
| 050 | 4 |
_aHX39.5 _bA5.48 1975 |
|
| 100 | 1 |
_aAlthusser, Louis, _d1918-1990 _928535 |
|
| 245 | 1 | 0 |
_aEscritos / _cLouis Althusser ; tr. Albert Roies Qui. |
| 250 | _a2a ed. | ||
| 260 |
_aBarcelona [Esp.] : _bLaia, _c1975. |
||
| 300 | _a172 p. | ||
| 440 | 0 |
_aLaia B ; _v351 |
|
| 500 | _aTÃtulo de la cubierta: Escritos 1968-1970 | ||
| 650 | 4 |
_aComunismo _96792 |
|
| 600 | 1 | 4 |
_aMARX, KARL, _d1818-1883 |
| 905 | _aLibro | ||
| 999 |
_c100934 _d100934 |
||